Bioremediation principles /
Guardado en:
| Otros Autores: | |
|---|---|
| Formato: | Libro |
| Idioma: | English |
| Publicado: |
Boston :
WCB/McGraw-Hill,
c1998.
|
| Series: | McGraw-Hill series in water resources and environmental engineering
|
| Materias: | |
| Etiquetas: |
Agregar Etiqueta
Sin Etiquetas, Sea el primero en etiquetar este registro!
|
| LEADER | 00861cam a22002415a 4500 | ||
|---|---|---|---|
| 001 | EIQ.libpla003201 | ||
| 008 | 971008s1998####maua#####b####001#0#eng#d | ||
| 005 | 20071106165340.0 | ||
| 245 | 0 | 0 | |a Bioremediation principles / |c Juana B. Eweis ... [et al.]. |
| 260 | |a Boston : |b WCB/McGraw-Hill, |c c1998. | ||
| 300 | |a xvi, 296 p. : |b il. ; |c 25 cm. | ||
| 440 | 0 | |a McGraw-Hill series in water resources and environmental engineering | |
| 504 | |a Incluye referencias bibliográficas e índice. | ||
| 020 | |a 0070577323 (alk. paper) | ||
| 700 | 1 | |a Eweis, Juana B. | |
| 082 | 0 | 0 | |a 628.5 |2 21 |
| 650 | 4 | |a Medio ambiente |x Contaminación. | |
| 650 | 4 | |a Agua subterránea |x Purificación. | |
| 650 | 0 | |a Groundwater |x Purification. | |
| 650 | 4 | |a Environment |x Contamination. | |
| 010 | |a 97044577 | ||
| 040 | |a DLC |c DLC |d AR-BbSID | ||
| 859 | |a AR-BbSID |b BIB. PLAPIQUI |h 628.5 |i B 524 |p 5329 | ||
